000 00421nam a2200133Ia 4500
008 211122s9999||||xx |||||||||||||| ||und||
082 _a791.43
_bTHE-S
100 _aTheruvappuzha, Sajan
245 0 _aShort Film Nirmmanam
260 _bMathrubhumi Books
_aKozhikode
630 _xGeneral Stack
650 _aTHE ARTS;FINE AND DECORATIVE ARTS
_vRECREATIONAL AND PERFORMING ARTSPUBLIC PERFORMANCEMalayalam
942 _cBOOK
999 _c125253
_d125253